Rozhodovacie procesy pri výbere neživotného poistenia diplomová práca

Na minha lista:
Detalhes bibliográficos
Autor principal: Kalina, Branislav
Autor Corporativo: Fakulta hospodárskej informatiky EU. Katedra matematiky a aktuárstva
Outros Autores: Strešňáková, Anna, 1976-
Formato: Livro
Idioma:eslovaco
Publicado em: Bratislava 2018
Tags: Adicionar Tag
Sem tags, seja o primeiro a adicionar uma tag!

MARC

LEADER 00000nbm a2200000 4500
001 0243534
005 20180925080919.2
041 0 |a slo 
044 |a SK 
245 1 0 |a Rozhodovacie procesy pri výbere neživotného poistenia  |b diplomová práca  |c Branislav Kalina ; školiteľ: Anna Strešňáková 
264 1 |a Bratislava  |c 2018 
300 |a 58 s. 
100 1 |a Kalina, Branislav 
700 1 |a Strešňáková, Anna, 1976- 
710 2 |a Fakulta hospodárskej informatiky EU. Katedra matematiky a aktuárstva